Spell the Marvel Character #151 - Statistics

General Stats
  • This quiz has been taken 17 times
  • The average score is 12 of 17
Answer Stats
Picture Answer % Correct
Professor X
100%
Thor
100%
Colossus
93%
Storm
93%
Cable
86%
Elektra
86%
Okoye
86%
Echo
79%
Omega
71%
Outlaw
71%
Cosmo the Spacedog
64%
Gorilla-Man
64%
Doc Samson
50%
H.E.R.B.I.E.
50%
Aero
43%
M
43%
Snowbird
43%
No matching quizzes found
Score Distribution
Percent of People with Each Score
Percentile by Number Answered
Your Score History
You have not taken this quiz